000 01454cam a2200385Ii 4500
001 861323161
003 OCoLC
005 20250902060806.0
008 131023t20142013nyu 000 1 eng d
020 _a0345539494
020 _a9780345539496
035 _a(OCoLC)861323161
040 _aYDXCP
_beng
_erda
_cYDXCP
_dBTCTA
_dSO$
082 0 4 _a[Fic]
_223
092 _aSLAUGHTE
100 1 _aSlaughter, Karin,
_d1971-
_eauthor.
245 1 0 _aUnseen :
_ba novel /
_cKarin Slaughter.
250 _aDell mass market edition.
264 1 _aNew York :
_bDell books,
_c2014.
264 4 _c℗♭2013.
300 _a530 pages ;
_c18 cm.
336 _atext
_btxt
_2rdacontent.
337 _aunmediated
_bn
_2rdamedia.
338 _avolume
_bnc
_2rdacarrier.
500 _aIncludes excerpt from the forthcoming book "Cop Town" and short story "Busted."
520 _aSent to Macon for an undercover mission to infiltrate a drug and prostitution ring, Georgia Bureau of Investigation Agent Will Trent hides the facts about his latest assignment from his girlfriend, Sara Linton, when the stakes prove higher than any he has yet encountered.
650 0 _aGovernment investigators
_vFiction.
650 0 _aUndercover operations
_vFiction.
655 7 _aDetective and mystery fiction.
_2lcgft.
655 7 _aThrillers (Fiction)
_2lcgft.
655 0 _aPaperbacks.
700 1 2 _aSlaughter, Karin,
_d1971-
_tBusted.
907 _a.b390524153
942 _cBK
999 _c31099
_d31097